000 00590nam a2200241 a 4500
001 nice12345678
003 IN_TiNIC
005 20260116013449.0
008 050524s1994 raba grp 000 0 eng
020 _a
_c100
082 0 0 _a956.9405
_bEIN
100 _aKana`ina, Sherif
245 _aDestroyed Palestinian Villages
260 _aRabat
_bIsesco
_c1994
300 _a316p
500 _aincludes index and biblioraphy
505 2 _aThe case of the satanic verses.
650 _aPalestine
700 1 _aKana`ina, Sherif
902 _bSRS
942 _cBK
999 _c11084
_d11084